Bugados: Episódios - Statistics

Estatísticas Gerais
  • Esse quiz foi jogado 6 vezes
  • A pontuação média é 13 de 52
Estatísticas das Respostas
Temporada Episódio Título % Correto
Temporada 1 Episódio 1 O Bug do Videogame
100%
Temporada 1 Episódio 3 O Bug do Pause
75%
Temporada 1 Episódio 7 O Bug do Sapato
75%
Temporada 1 Episódio 2 O Bug do Tutorial
75%
Temporada 1 Episódio 8 O Bug da Fantasia
50%
Temporada 2 Episódio 20 O Bug da Garota Foguete
50%
Temporada 2 Episódio 3 O Bug da Genialidade
50%
Temporada 1 Episódio 6 O Bug da Tiara
50%
Temporada 1 Episódio 10 O Bug do Controle Remoto
50%
Temporada 2 Episódio 26 O Bug do Pirandello
50%
Temporada 1 Episódio 19 O Bug dos Conselhos
50%
Temporada 1 Episódio 26 O Bug do Storm Kroll
50%
Temporada 2 Episódio 8 O Bug da Afinação
25%
Temporada 1 Episódio 12 O Bug da Caixa do Futuro
25%
Temporada 2 Episódio 17 O Bug da Lady Runner
25%
Temporada 2 Episódio 25 O Bug da Memória
25%
Temporada 2 Episódio 5 O Bug da Realidade Virtual
25%
Temporada 1 Episódio 5 O Bug das Máquinas
25%
Temporada 2 Episódio 23 O Bug da Sonambulady
25%
Temporada 2 Episódio 14 O Bug do Artefato
25%
Temporada 1 Episódio 4 O Bug do Bartolomeu
25%
Temporada 2 Episódio 2 O Bug do Beta Neo
25%
Temporada 1 Episódio 13 O Bug do Capitão Espacial
25%
Temporada 2 Episódio 1 O Bug do Cosmo Punk
25%
Temporada 1 Episódio 9 O Bug do Doutor Penumbra
25%
Temporada 2 Episódio 6 O Bug do Esquecimento
25%
Temporada 2 Episódio 22 O Bug do Filme
25%
Temporada 2 Episódio 24 O Bug do Intermundos
25%
Temporada 2 Episódio 13 O Bug do Natal
25%
Temporada 1 Episódio 16 O Bug do Pé de Feijão
25%
Temporada 2 Episódio 10 O Bug do Pensamento
25%
Temporada 2 Episódio 4 O Bug do Restart
25%
Temporada 1 Episódio 24 O Bug dos Anúncios
25%
Temporada 2 Episódio 21 O Bug dos Clones
25%
Temporada 2 Episódio 12 O Bug do Teletransporte
25%
Temporada 2 Episódio 16 O Bug da Invenção
0%
Temporada 1 Episódio 23 O Bug da Maura Pedrada
0%
Temporada 1 Episódio 18 O Bug das Stormplus
0%
Temporada 1 Episódio 15 O Bug da Temperatura
0%
Temporada 1 Episódio 17 O Bug do Aniversário
0%
Temporada 1 Episódio 22 O Bug do Azar
0%
Temporada 2 Episódio 7 O Bug do Canal
0%
Temporada 2 Episódio 18 O Bug do Giz Amarelo
0%
Temporada 1 Episódio 20 O Bug do Jornal
0%
Temporada 2 Episódio 9 O Bug do Level Up
0%
Temporada 1 Episódio 11 O Bug do Mister Pixel
0%
Temporada 1 Episódio 25 O Bug do Nível Fácil
0%
Temporada 2 Episódio 11 O Bug do Óculos
0%
Temporada 2 Episódio 15 O Bug do Planetário
0%
Temporada 1 Episódio 14 O Bug do Save
0%
Temporada 1 Episódio 21 O Bug do Show de Talentos
0%
Temporada 2 Episódio 19 O Bug do Xadrez
0%
Nenhum quiz correspondente encontrado
Distribuição das Pontuações
Porcentagem de Pessoas com Cada Pontuação
Percentil de Números Respondidos
Sua Pontuação Histórica
Você não jogou esse quiz